[Event "San Sebastian Gros op 29th"]
[Site "San Sebastian"]
[Date "2019.06.28"]
[Round "9"]
[White "Lagos Lejarraga, Jon"]
[Black "Forgas Moreno, Yaniela"]
[Result "0-1"]
[WhiteElo "2104"]
[BlackElo "2272"]
[PlyCount "100"]
[EventDate "2019.06.21"]
[EventType "swiss"]
[EventRounds "9"]
[EventCountry "ESP"]
[SourceTitle "EXT 2020"]
[Source "ChessBase"]
[SourceDate "2019.10.17"]
[SourceVersion "1"]
[SourceVersionDate "2019.10.17"]
[SourceQuality "1"]

1. e4 c5 2. Nf3 d6 3. c3 Nf6 4. Be2 Nbd7 5. Qc2 Qc7 6. 0-0 b6 7. Re1 Bb7 8. Bf1 g6 9. a4 Bg7 10. a5 0-0 11. a6 Bc6 12. d4 e6 13. Na3 Rac8 14. Nb5 Bxb5 15. Bxb5 cxd4 16. Nxd4 d5 17. Nc6 Nb8 18. Nxb8 Rxb8 19. exd5 Nxd5 20. Qe4 Qc5 21. Bf1 Rfd8 22. Bg5 Rd7 23. Bh4 h6 24. Rad1 b5 25. Bg3 Rb6 26. h4 Rxa6 27. h5 g5 28. Be5 Bxe5 29. Qxe5 Rb6 30. Rd4 Qc7 31. Qe4 Nf6 32. Rxd7 Qxd7 33. Qa8+ Kg7 34. Ra1 Rb7 35. Be2 e5 36. Rd1 Qe7 37. Rd8 e4 38. Rh8 a6 39. Rd8 Rb6 40. Rd4 e3 41. Qf3 Re6 42. Kf1 exf2 43. Qxf2 Ne4 44. Qe3 Qf6+ 45. Ke1 Qf5 46. Bd3 Ng3 47. Bxf5 Rxe3+ 48. Kd2 Nxf5 49. Rd5 Ne7 50. Rd6 Re6 0-1

[Event "San Sebastian Gros op 29th"]
[Site "San Sebastian"]
[Date "2019.06.25"]
[Round "6"]
[White "Mirzoev, Azer"]
[Black "Lagos Lejarraga, Jon"]
[Result "1-0"]
[WhiteElo "2474"]
[BlackElo "2104"]
[PlyCount "77"]
[EventDate "2019.06.21"]
[EventType "swiss"]
[EventRounds "9"]
[EventCountry "ESP"]
[SourceTitle "EXT 2020"]
[Source "ChessBase"]
[SourceDate "2019.10.17"]
[SourceVersion "1"]
[SourceVersionDate "2019.10.17"]
[SourceQuality "1"]

1. d4 d5 2. c4 e6 3. Nc3 Nf6 4. cxd5 exd5 5. Bg5 Nbd7 6. e3 Be7 7. Bd3 0-0 8. Nge2 Re8 9. Qc2 c6 10. 0-0 Ne4 11. Bf4 Nxc3 12. bxc3 Nf6 13. c4 dxc4 14. Bxc4 Bd6 15. Rab1 b6 16. Rfc1 Bb7 17. h3 h6 18. Qg6 Rf8 19. Bxh6 Ne8 20. Nf4 Qf6 21. Bg5 Qxg6 22. Nxg6 Nc7 23. Nxf8 Kxf8 24. e4 f6 25. Be3 Re8 26. f3 Ke7 27. Kf2 Kd7 28. h4 b5 29. Bb3 a5 30. h5 b4 31. Ba4 Nb5 32. d5 Rb8 33. Rb3 Be5 34. dxc6+ Bxc6 35. Rd3+ Kc7 36. Rc5 Bd6 37. Rc4 Rb7 38. g4 Rb8 39. Rxd6 1-0

[Event "San Sebastian Gros op 27th"]
[Site "San Sebastian"]
[Date "2017.06.25"]
[Round "4"]
[White "Etchegaray, Patrice"]
[Black "Lagos Lejarraga, Jon"]
[Result "1-0"]
[WhiteElo "2359"]
[BlackElo "1987"]
[PlyCount "71"]
[EventDate "2017.06.23"]
[EventType "swiss"]
[EventRounds "9"]
[EventCountry "ESP"]
[SourceTitle "CBM 179 Extra"]
[Source "ChessBase"]
[SourceDate "2017.08.23"]
[SourceVersion "1"]
[SourceVersionDate "2017.08.23"]
[SourceQuality "1"]

1. d4 d5 2. Bf4 Nf6 3. e3 c5 4. c3 Nc6 5. Nd2 cxd4 6. exd4 Qb6 7. Qb3 Qxb3 8. axb3 e6 9. Ngf3 Nh5 10. Be3 Bd6 11. b4 0-0 12. Nb3 f5 13. Bb5 f4 14. Bd2 e5 15. Bxc6 bxc6 16. dxe5 Bxe5 17. Nxe5 Re8 18. 0-0 Rxe5 19. Nd4 Bd7 20. Ra5 g5 21. Rfa1 Nf6 22. f3 Rb8 23. b3 Rd8 24. Rxa7 Ne8 25. Ra8 Rxa8 26. Rxa8 Kf7 27. Ra7 Re7 28. Kf2 Nd6 29. Ra6 Nb7 30. Nxc6 Re6 31. b5 Re8 32. Nd4 Nc5 33. Rd6 Re5 34. Nc6 Bxc6 35. bxc6 Ke7 36. c7 1-0

[Event "Euskadi-ch U18"]
[Site "Eibar"]
[Date "2016.04.01"]
[Round "6.2"]
[White "Lagos Lejarraga, Jon"]
[Black "Arteche Campo, Patricia"]
[Result "1-0"]
[WhiteElo "1919"]
[BlackElo "1308"]
[PlyCount "43"]
[EventDate "2016.03.29"]
[EventType "tourn"]
[EventRounds "9"]
[EventCountry "ESP"]
[SourceTitle "EXT 2024"]
[Source "ChessBase"]
[SourceDate "2023.10.10"]
[SourceVersion "1"]
[SourceVersionDate "2023.10.10"]
[SourceQuality "1"]

1. e4 d5 2. exd5 Qxd5 3. Nc3 Qa5 4. d4 Nf6 5. Bd2 c6 6. Bc4 Bg4 7. f3 Bf5 8. g4 Bg6 9. h4 h6 10. Nh3 Qc7 11. Bf4 Qd7 12. Qd2 Nd5 13. 0-0-0 Nxf4 14. Nxf4 Qd6 15. Rhe1 Nd7 16. Nxg6 Qxg6 17. d5 0-0-0 18. dxc6 bxc6 19. Ne4 e6 20. h5 Qh7 21. Qf4 Qg8 22. Ba6# 1-0

[Event "ESP-ch U16"]
[Site "Salobrena"]
[Date "2015.07.24"]
[Round "8"]
[White "Serra Canals, Oriol"]
[Black "Lagos Lejarraga, Jon"]
[Result "1-0"]
[WhiteElo "2100"]
[BlackElo "1965"]
[PlyCount "93"]
[EventDate "2015.07.20"]
[EventType "swiss"]
[EventRounds "9"]
[EventCountry "ESP"]
[SourceTitle "EXT 2016"]
[Source "ChessBase"]
[SourceDate "2015.10.08"]
[SourceVersion "1"]
[SourceVersionDate "2015.10.08"]
[SourceQuality "1"]

1. d4 d5 2. c4 e6 3. Nf3 Nf6 4. Nc3 Nbd7 5. Qc2 dxc4 6. e3 Nb6 7. Be2 a6 8. 0-0 Be7 9. Rd1 0-0 10. a4 a5 11. e4 c6 12. Bf4 Re8 13. h3 Nfd7 14. Nd2 Bf6 15. e5 Be7 16. Nxc4 Nxc4 17. Bxc4 Qc7 18. Rac1 Nf8 19. Ne4 Rd8 20. Ba2 Ng6 21. Bg3 Ra6 22. Bb1 Rb6 23. h4 Rb4 24. h5 Nf8 25. Nd6 Bxd6 26. exd6 Qb6 27. Qe4 Rxb2 28. Rc5 f5 29. Qd3 Rb3 30. Rc3 Rxc3 31. Qxc3 Nd7 32. Ba2 Nf6 33. h6 Ne4 34. Qf3 Qb2 35. Qxf5 Qxa2 36. Qxe4 Qd5 37. Qg4 Rd7 38. Be5 g6 39. Qg5 Rf7 40. Qd8+ Rf8 41. Qc7 Rf7 42. Qxc8+ Rf8 43. Qxb7 Rf7 44. Qc8+ Rf8 45. Qd7 Rf7 46. Qe8+ Rf8 47. d7 1-0

[Event "ESP-ch U16"]
[Site "Salobrena"]
[Date "2015.07.20"]
[Round "2"]
[White "Perez Garcia, Alejandro"]
[Black "Lagos Lejarraga, Jon"]
[Result "1-0"]
[WhiteElo "2322"]
[BlackElo "1965"]
[PlyCount "43"]
[EventDate "2015.07.20"]
[EventType "swiss"]
[EventRounds "9"]
[EventCountry "ESP"]
[SourceTitle "EXT 2016"]
[Source "ChessBase"]
[SourceDate "2015.10.08"]
[SourceVersion "1"]
[SourceVersionDate "2015.10.08"]
[SourceQuality "1"]

1. Nf3 d5 2. e3 Nf6 3. b3 e6 4. Bb2 Be7 5. g3 0-0 6. c4 c5 7. Bg2 Nc6 8. 0-0 dxc4 9. bxc4 Rb8 10. Qe2 Re8 11. Nc3 b6 12. Rfd1 Bf8 13. d4 cxd4 14. Nxd4 Nxd4 15. Rxd4 Bd7 16. Rad1 Qc7 17. Ne4 Nxe4 18. Rxd7 Qc6 19. Qg4 Qxc4 20. Bxe4 Qxa2 21. Qh5 f5 22. Qf7+ 1-0